El Derecho de la Ciudad y el Territorio Estudios en homenaje a Manuel Ballb ̌Prunš /

Bibliographic Details
Main Author: Menňdez Rexach, ℓngel
Other Authors: Bassols Coma, Mart̕, Judith, Gifreu Font
Format: eBook
Language:Spanish
Published: Madrid: Instituto Nacional de Administracin̤ Pb︢lica (INAP), 2016
Subjects:
Online Access:Acceso restringido

MARC

LEADER 00000nam a22000007a 4500
005 20170527202532.0
007 cr|||| ||||
008 170527s2016 es |||||s|||| 00||0 spa d
020 |a 978-84-7351-551-1 
035 |a 20268 
040 |a vLex 
090 |c 6704  |d 6704 
100 1 |a Menňdez Rexach, ℓngel 
245 1 2 |a El Derecho de la Ciudad y el Territorio  |h [Recurso electrn̤ico] :  |b Estudios en homenaje a Manuel Ballb ̌Prunš /  |c ℓngel Menňdez Rexach, Mart ̕Bassols Coma, Gifreu Font Judith 
256 |a Servicio en ln̕ea 
260 |a Madrid:  |b Instituto Nacional de Administracin̤ Pb︢lica (INAP),  |c 2016 
300 |a 1 recurso electrn̤ico 
506 1 |a Disponible solo en los productos indicados  |d vLex Global  |d vLex Global (Academic Edition, excluding Law Schools)  |d vLex Global (U.S. Academic Edition, Law Schools)  |d vLex Global (U.S. Academic Edition, excluding Law Schools)  |d vLex Global (Academic Edition, Law Schools) 
650 0 4 |a Derecho Pb︢lico y Administrativo  |z Espaą 
700 1 |a Bassols Coma, Mart̕ 
700 1 |a Judith, Gifreu Font 
740 0 |a vLex Libros (Servicio en ln̕ea) 
856 4 0 |u http://vlex.com/source/derecho-ciudad-territorio-20268  |z Acceso restringido 
942 |c BOOK 
999 0 |a Public and Administrative Law